| 000 | 01090cam a2200313 a 4500 | ||
|---|---|---|---|
| 001 | 4802864 | ||
| 003 | ARRUPE | ||
| 005 | 20140930164052.0 | ||
| 008 | 880919s1989 nyu b 000 0 eng | ||
| 010 | _a 88030652 | ||
| 020 |
_a0809130491 : _c$9.95 (est.) |
||
| 040 |
_aDLC _cDLC _dDLC |
||
| 043 | _an-us--- | ||
| 050 | 0 | 0 |
_aBX932 _b.W37 1989 |
| 082 | 0 | 0 |
_a268/.82 _219 |
| 100 | 1 |
_aWarren, Michael, _d1935- _911884 |
|
| 245 | 1 | 0 |
_aFaith, culture, and the worshiping community / _cMichael Warren. |
| 260 |
_aNew York : _bPaulist Press, _cc1989. |
||
| 300 |
_axvi, 214 p. ; _c21 cm. |
||
| 504 | _aIncludes bibliographies. | ||
| 610 | 2 | 0 |
_aCatholic Church _xEducation _zUnited States. _911885 |
| 610 | 2 | 0 |
_aCatholic Church _xLiturgy. _911886 |
| 650 | 0 |
_aChristian education _xPhilosophy. _93093 |
|
| 650 | 0 |
_aChristianity and justice _xCatholic Church. _911887 |
|
| 650 | 0 |
_aChristianity and culture. _911888 |
|
| 906 |
_a7 _bcbc _corignew _d1 _eocip _f19 _gy-gencatlg |
||
| 942 |
_2lcc _cMONOGRAPH |
||
| 999 |
_c121022 _d121022 |
||